Bulletin of Industrial Statistics for the Arab Countries 2001-2007 (Record no. 36354)

MARC details
000 -LEADER
fixed length control field 00493nas a2200133 a 4500
008 - FIXED-LENGTH DATA ELEMENTS--GENERAL INFORMATION
fixed length control field 100811c20109999||||||||||||||||| || u
020 ## - INTERNATIONAL STANDARD BOOK NUMBER
International Standard Book Number 9789211283365
050 ## - LIBRARY OF CONGRESS CALL NUMBER
Classification number UN-ESCWA(05)
110 ## - MAIN ENTRY--CORPORATE NAME
Corporate name or jurisdiction name as entry element United Nations Economic and Social Commission for Western Asia (ESCWA)
245 10 - TITLE STATEMENT
Title Bulletin of Industrial Statistics for the Arab Countries 2001-2007
260 ## - PUBLICATION, DISTRIBUTION, ETC.
Place of publication, distribution, etc. New York
Name of publisher, distributor, etc. United Nations Economic and Social Commisssion for Western Asia (UN-ESCWA)
Date of publication, distribution, etc. 2010
300 ## - PHYSICAL DESCRIPTION
Extent xvii, 183p.
350 ## - PRICE (NR) (BK AM CF MU VM SE) [OBSOLETE]
Price 0.00
Holdings
Withdrawn status Lost status Source of classification or shelving scheme Damaged status Not for loan Home library Current library Date acquired Total Checkouts Full call number Date last seen Price effective from Koha item type
          CBU-MAIN LIBRARY, KITWE. CBU-MAIN LIBRARY, KITWE. 11/30/2022   UN-ESCWA(05) 11/30/2022 11/30/2022 MONOGRAPH